| 000 | 00355cam a22001217a 4500 | ||
|---|---|---|---|
| 008 | 180718b1990 xxu||||| |||| 00| 0 eng d | ||
| 082 | _aA99 L831/In2 | ||
| 245 |
_aRam Manohar Lohia _cby Lok Sabha Secretariat |
||
| 260 |
_aNew Delhi _bLok Sabha Secretariat _c1990 |
||
| 300 | _a110p. | ||
| 650 | _aLohia, Ram Manohar | ||
| 700 | _aIndia. Lok Sabha Secretariat | ||
| 999 |
_c484545 _d484545 |
||